From Neuron to Brain / A Cellular and Molecular Approach to the Function of the Nervous System: Third Edition (Record no. 1763)
[ view plain ]
| 000 -LEADER | |
|---|---|
| fixed length control field | 01643cam a22002294a 4500 |
| 005 - ΗΜΕΡΟΜΗΝΙΑ ΚΑΙ ΩΡΑ ΤΕΛΕΥΤΑΙΑΣ ΕΝΗΜΕΡΩΣΗΣ | |
| Πεδίο ελέγχου | 20250605164018.0 |
| 008 - FIXED-LENGTH DATA ELEMENTS--GENERAL INFORMATION | |
| Πεδίο ελέγχου σταθερού μήκους | 250528s ||||||||||||||||||||||||d |
| 035 ## - SYSTEM CONTROL NUMBER | |
| System control number | 16242 |
| 020 ## - ISBN | |
| ISBN | 878935800 |
| 040 ## - ΠΗΓΗ ΚΑΤΑΛΟΓΟΓΡΑΦΗΣΗΣ | |
| Φορέας πρωτότυπης καταλογογράφησης | MC Athens Campus Library |
| Γλώσσα καταλογογράφησης | Ελληνικά, Μοντέρνα (1453-) |
| Modifying agency | MC Athens Campus Library |
| Κανόνες περιγραφικής καταλογογράφησης | AACR2 |
| 245 1# - ΤΙΤΛΟΣ ΚΑΙ ΔΗΛΩΣΗ ΥΠΕΥΘΥΝΟΤΗΤΑΣ | |
| Τίτλος | From Neuron to Brain / A Cellular and Molecular Approach to the Function of the Nervous System: Third Edition |
| 250 ## - EDITION STATEMENT | |
| Edition statement | 3rd |
| 260 ## - PUBLICATION, DISTRIBUTION, ETC. | |
| Name of publisher, distributor, etc. | Sinauer Associates, Inc, |
| Date of publication, distribution, etc. | 1992 |
| 300 ## - PHYSICAL DESCRIPTION | |
| Extent | 810 |
| 520 ## - SUMMARY, ETC. | |
| Summary, etc. | Preface, Properties of Neurons and Glia, Analysis of Signals in the Nervous System, Membrane Channels and Signaling, Ionic Basis of the Resting Potential, Ionic Basis of the Action Potential, Neurons as Conductors of Electricity, Properties and Functions of Neuroglia Cells, Communication Between Excitable Cells, Principles of Synaptic Transmission, Indirect Mechanisms of Synaptic Transmission, Cellular and Molecular Biochemistry of Synaptic Transmission, Identification and Function of Transmitters in the Central Nervous System, Development and Regeneration in the Nervous System, Neuronal Development and the Formation of Synaptic Connections, Denervation and Rgeneration of Synaptic Connections, Integrative Mechanisms, Leech and Aplysia:Two Simple Nervous Systems, Transduction and Processing of Sensory Signals, Motor Systems, The Visual System, Retina and Lateral Geniculate Systems, The Visual Cortex, Genetic and Environmental Influences in the Mammalian Visual System, Conclusion, Index. |
| 700 1# - ΠΡΟΣΘΕΤΗ ΑΝΑΓΡΑΦΗ--ΦΥΣΙΚΟ ΠΡΟΣΩΠΟ | |
| Personal name | Martin A. Robert |
| 9 (RLIN) | 2322 |
| 700 1# - ΠΡΟΣΘΕΤΗ ΑΝΑΓΡΑΦΗ--ΦΥΣΙΚΟ ΠΡΟΣΩΠΟ | |
| Personal name | Nicholls John G |
| 9 (RLIN) | 2323 |
| 700 1# - ΠΡΟΣΘΕΤΗ ΑΝΑΓΡΑΦΗ--ΦΥΣΙΚΟ ΠΡΟΣΩΠΟ | |
| Personal name | Wallace Bruce G |
| 9 (RLIN) | 2324 |
| 942 ## - ADDED ENTRY ELEMENTS (KOHA) | |
| Koha item type | Books |
| Τύπος τεκμηρίου | Βιβλιοθήκη | Τρέχουσα τοποθεσία | Barcode | Αριθμός εισαγωγής | Ημερομηνία απόκτησης | Ταξιθετικό σύμβολο | Αριθμός αντιτύπου | Κατάσταση απόσυρσης | Κατάσταση χαμένου | Κατάσταση κατεστραμμένου | Μη δανεισμός | Σύνολο δανεισμών | Ημερομηνία τελευταίας εμφάνισης | Η τιμή ισχύει από |
|---|---|---|---|---|---|---|---|---|---|---|---|---|---|---|
| Books | MC Athens Campus Library | MC Athens Campus Library | 9780000017628 | 3329 | 05/06/2025 | 591.1/88 NIC | 2 | 05/06/2025 | 05/06/2025 |